Statystyki dla Wszystkie polskie kluby piłkarskie na literę G

Kliknij tutaj aby rozwiązać quiz!

Ogólne statystyki

  • Ten quiz został rozwiązany 14 razy
  • Średni wynik to 8 z 239

Statystyki odpowiedzi

Odpowiedź% Poprawnych
Górnik Zabrze
91%
GKS Katowice
82%
Górnik Łęczna
64%
GKS Tychy
55%
Górnik Wałbrzych
45%
GKS Bełchatów
36%
GKS Jastrzębie Zdrój
36%
Górnik Polkowice
36%
Garbarnia Kraków
27%
Gedania Gdańsk
27%
Górnik Radlin
27%
Górnik Wieliczka
27%
Gwardia Koszalin
27%
Gwarek Zabrze
27%
Glinik Gorlice
18%
Gryf Wejherowo
18%
Gwardia Warszawa
18%
Garbarz Zembrzyce
9%
Gazobudowa Zabrze
9%
GKS Kobierzyce
9%
GKS Świniary
9%
GKS Wikielec
9%
Goplania Inowrocław
9%
Górnik Jaworzno
9%
Górnik Łęczyca
9%
Górnik Pszów
9%
Gorzovia Gorzów
9%
Granat Skarżysko-Kamienna
9%
Granica Kętrzyn
9%
Grunwald Ruda Śląska
9%
Grybovia Grybów
9%
Gryf 95 Słupsk
9%
Gryf Kamień Pomorski
9%
Gwarek Ornontowice
9%
Gwarek Tarnowskie Góry
9%
Gwiazda Skrzyszów
9%
Gabry Łukowe
0%
Gacovia Gać
0%
Galaktica Dzierżów
0%
Galakticos Solna
0%
Gal Gaz Galewice
0%
Galicja Cisna
0%
Gambit Chełmsko Śląskie
0%
Garbarnia Kępice
0%
Garbarnia Kurów
0%
Garbarnia Leszno Górne
0%
Gardominka Mechowo
0%
Gaudium Łężyny
0%
Gawin Królewska Wola
0%
Gdovia Gdów
0%
Gieret Giby
0%
Gięty Krzewina
0%
GKP Gorzów Wielkopolski
0%
GKP Pszczew
0%
GKP Targówek
0%
GKS Abramów
0%
GKS Baruchowo
0%
GKS Bedlno
0%
GKS Bledzew
0%
GKS Chynów
0%
GKS Dąbrowica
0%
GKS Gardeja
0%
GKS Głuchów
0%
GKS Grębanin
0%
GKS Grodków/Michałów
0%
GKS Gromadka
0%
GKS Gułtowy
0%
GKS Iwaniska
0%
GKS Iwiny
0%
GKS Kamień
0%
GKS Kluczewsko
0%
GKS Kołczygłowy
0%
GKS Koniemłoty
0%
GKS Kowale
0%
GKS Krościenko Wyżne
0%
GKS Ksawerów
0%
GKS Łoniów
0%
GKS LZS Szymbark
0%
GKS Maraton Waleńczów
0%
GKS Męcinka
0%
GKS Mierzyn
0%
GKS Mirków/Długołęka
0%
GKS Niebylec
0%
GKS Niedźwiada
0%
GKS Niemce
0%
GKS Nowiny
0%
GKS Pęplino
0%
GKS Raciborowice
0%
GKS Rudki
0%
GKS Sieciechów
0%
GKS Siedlisko
0%
GKS Sierakowice
0%
GKS Sompolno
0%
GKS Starościn
0%
GKS Stawiguda
0%
GKS Strzegowo
0%
GKS Szydłów
0%
GKS Tarnawatka
0%
GKS Tomaszów Bolesławiecki
0%
GKS Warta Bolesławiecka
0%
GKS Włoszakowice
0%
GKS Żórawina
0%
Gladiator Słoszewo
0%
Gladiatorzy Sierszew-Pieruszyce
0%
Głaz Tychowo
0%
GLKS Dłutów
0%
GLKS Dobrcz
0%
GLKS Gaworzyce
0%
GLKS Głusk
0%
GLKS Jabłoń
0%
GLKS Jarosławiec
0%
GLKS Jeżów Sudecki
0%
GLKS Jonkowo
0%
GLKS Mietków
0%
GLKS Miłakowo
0%
GLKS Nadarzyn
0%
GLKS Rokitno
0%
GLKS Roskosz-Grabanów
0%
GLKS Sadkowice
0%
GLKS Stanin
0%
GLKS Strzelce Wielkie
0%
GLKS Ułęż
0%
GLKS Wilkowice
0%
GLKS Wołucza
0%
GLKS Wysoka
0%
Głogovia Głogów Małopolski
0%
GLZS Sadki
0%
GLZS Sośno
0%
Gnojownik Kurzeszyn
0%
Golbalux Wiązownica
0%
Gold Niedźwiednik
0%
Gopło Kościeszki
0%
Gopło Kruszwica
0%
Gorce Kamienica
0%
Gorliczanka Gorliczyna
0%
Górnik Bobrowniki Śląskie
0%
Górnik Boguszów-Gorce
0%
Górnik Boguszowice
0%
Górnik Brzeszcze
0%
Górnik Czerwionka
0%
Górnik Grabownica Starzeńska
0%
Górnik Kłodawa
0%
Górnik Miedzianka
0%
Górnik MK Katowice
0%
Górnik Mysłowice
0%
Górnik Nowe Miasto Wałbrzych
0%
Górnik Piaski
0%
Górnik Strachocina
0%
Górnik Węgliniec
0%
Górnik Wesoła
0%
Górnik Złotoryja
0%
Górnovia Górno
0%
Gorzyczanka Gorzyce Wielkie
0%
Gościba Sułkowice
0%
Gosłavia Gosławice
0%
Gosław Jedłownik
0%
Grabka Grabica
0%
Grabka Grabki Małe
0%
Gracja Tczów
0%
Graf Bukówko
0%
Graf Chodywańce
0%
Graf Marina Lublin
0%
Gra-Lech Jordanów
0%
Granica Bezledy
0%
Granica Bogatynia
0%
Granica Dorohusk
0%
Granica Lubycza Królewska
0%
Granica Miłoszów
0%
Granica Stubno
0%
Granica Terespol
0%
Granica Żarki Wielkie
0%
Granit Bychawa
0%
Granit Koczała
0%
Granit Kończewo
0%
Granit Roztoka
0%
Granit Wysoka Strzyżowska
0%
Grębałowianka Kraków
0%
Gród Ćmińsk
0%
Gród Grodzisko
0%
Grodno Zagórze Śląskie
0%
Gród Podegrodzie
0%
Gród Wiślica
0%
Grodzisko Wietrzno
0%
Grodziszczanka Grodzisko Dolne
0%
Grom Bartoszówek
0%
Grom Cykarzew
0%
Grom Czacz
0%
Grom Glżyno
0%
Grom Golina
0%
Grom Kąkolewnica
0%
Grom Miedźno
0%
Gromnik Kuropatnik
0%
Grom Nowy Staw
0%
Grom Osle
0%
Grom Panków
0%
Grom Plewiska
0%
Grom Poczesna
0%
Grom Różaniec
0%
Grom Skąpe
0%
Grom Sosnowica
0%
Grom Świetlino
0%
Grom Szczodrów
0%
Grom Szwecja
0%
Grom Udanin
0%
Grom Więcbork
0%
Grom Witków
0%
Grom Wolsztyn
0%
Grom Wyszatyce
0%
Grom Zamysłów
0%
Groń Bujaków
0%
Grot Czosnówka
0%
Grot Gardno
0%
Grunke Somonino
0%
Grunwald Gierzwałd
0%
Gryf Burkatów
0%
Gryf Gródek
0%
Gryf Gryfów Śląski
0%
Gryfia Mirów
0%
Gryf Mielec
0%
Gryf Nowielin
0%
Gryf Olimpia Krotoszyce
0%
Gryf Polanów
0%
Gryf Policzna
0%
Gryf Sicienko
0%
GSZS Rybno
0%
GTS Bojszowy
0%
GTS Czarna Dąbrówka
0%
GTS Kolbudy
0%
GTS Rusocin
0%
GUKS Gorzkowice
0%
Guzikówka Krosno
0%
Guzovia Guzów
0%
Gwarek Wałbrzych
0%
Gwiazda Bydgoszcz
0%
Gwiazda Chudów
0%
Gwiazda Karsin
0%
Gwiazda Siedlec
0%
Gwiazda Starogród
0%
Gwiazda Żalęcino
0%

Rozkład punktacji

Percentyl według liczby udzielonych odpowiedzi

Procent ludzi z każdym wynikiem

Twoja historia wyników

Nie rozwiązałeś tego quizu